Une lettre suffit pour répondre juste #101 (attention 10 lettres tuent) - Statistiques

Statistiques générales
  • Ce quiz a été pris 54 fois
  • Le résultat moyen est 2 sur 6
Statistiques - réponses
Hint Réponse % Correct
Donne une des 5 lettres qui complète le nom de ce Land (État fédéré) d'Allemagne en vert foncé : T_U_ _ _ G_
HRINE
100%
Donne une des 4 lettres qui complète les paroles de la chanson "Les Copains d'abord" de Georges Brassens : Non, ce n'était pas le radeau De la Méduse, ce bateau Qu'on se le dise au _on_ des _or_s Dise au fond des ports Il naviguait en père peinard Sur la grand-mare des canards Et s'appelait "les copains d'abord"
"Les copains d'abord"
FDPT (fond des ports x2)
70%
Donne une des 3 lettres qui complète le nom de l'empereur romain de 305 à 311 : _ _ _ère
GAL
25%
Donne une des 2 lettres qui complète la traduction de la ville en espagnol : La _i_dad
CU
13%
Donne la lettre qui est doublée dans le nom de la parodie de récompenses de cinéma qui prend le contre-pied des Oscars, en décernant chaque année le prix des pires acteurs, scénaristes, musiciens, réalisateurs et films : ??_ _?? Awards
Z (raZZie)
3%
Donne la lettre des initiales (1ere lettre prénom nom) de ce poète, romancier, journaliste, directeur de publication américain qui a comme chef-d'œuvre son recueil de poèmes Feuilles d'herbe
W (Walt Whitman)
0%
Aucun quiz correspondant
Distribution des résultats
% des personnes avec chaque résultat
Percentile par nombre de réponses
Votre historique - résultats
Vous n’avez pas pris ce quiz